Vreckový slovensko-ruský a rusko-slovenský slovník /
Enregistré dans:
| Autres auteurs: | |
|---|---|
| Format: | Livre |
| Langue: | multilingue |
| Publié: |
Moskva :
Ruský jazyk,
1975
|
| Édition: | 3.vyd. |
| Tags: |
Pas de tags, Soyez le premier à ajouter un tag!
|
MARC
| LEADER | 00000nam a22000003a 4500 | ||
|---|---|---|---|
| 001 | stu22 | ||
| 005 | 20150617225621.3 | ||
| 008 | 910319s1975----ru------------------mul-d | ||
| 040 | |a STU |b slo | ||
| 041 | 0 | |a mul | |
| 044 | |a ru | ||
| 080 | |a 801.323.2=854=82 | ||
| 100 | 1 | |a Kollár, Dezider |4 com | |
| 245 | 1 | |a Vreckový slovensko-ruský a rusko-slovenský slovník / |c Zost. Kollár,D. a kol | |
| 250 | |a 3.vyd. | ||
| 260 | |a Moskva : |b Ruský jazyk, |c 1975 | ||
| 300 | |a 527 s | ||
| 996 | |c I*22S4446 |l I |s A |a 24 |w stu22_0001 | ||